000 00338nam a2200145Ia 4500
008 230718s9999 xx 000 0 und d
041 _aEng.
082 _a347.02
_bHUS-P
100 _aHussain Rizwi
245 0 _aPleading and Genergami
260 _aPakistan
_bmansoor book house
_c2017
300 _a524
650 _aLaw
999 _c31795
_d31795